000
00215cam a22000977a 4500
008
180718b xxu||||| |||| 00| 0 eng d
082
_a
B136x54 In2ru
100
_a
I.I.P.A.
245
_a
Rural development
260
_a
_b
_c
999
_c
476047
_d
476047